000 00323 a2200157 4500
001 181683
020 _a
040 _cMagnum
100 _a-
240 1 0 _aVergilio obras completas
_lpor
245 1 0 _aVergilio obras completas
362 0 _a1899
440 1 _aCultura
697 _aMAGNITO: A/ANTOLOGIA
942 _cBK
999 _c181683
_d181683